| 000 | 00491nam a2200181Ia 4500 | ||
|---|---|---|---|
| 001 | 4373 | ||
| 005 | 20260306145751.0 | ||
| 008 | 260306t2007||||xx |||||||||||||| ||spa|| | ||
| 041 | _aESP | ||
| 082 |
_a320.985 _bM97 |
||
| 100 |
_aMurakami, Yusuke _eAUT |
||
| 245 | 0 |
_aPerú en la era del chino: _bla política no institucionalizada y el pueblo en busca de un salvador |
|
| 260 | _c2007 | ||
| 300 |
_a715 páginas : _c20 cm. |
||
| 650 | _aGEN | ||
| 654 | _aCDE | ||
| 942 |
_cLIB _dJUS _fJUS _2ddc _n |
||
| 999 |
_c4373 _d4373 |
||